| 000 | 02242cam a22002054a 4500 | ||
|---|---|---|---|
| 005 | 20250605163718.0 | ||
| 008 | 250528s ||||||||||||||||||||||||d | ||
| 035 | _a24815 | ||
| 020 | _a9789600233094 | ||
| 040 |
_aGR-AtMCL _bgre _dGR-AtMCL _eAACR2 |
||
| 245 | 1 | _aΤουρισμός, Τουριστική Ανάπτυξη / Συμβολές Ελλήνων Επιστημόνων | |
| 260 |
_bAmerican Psychological Association, _c2017 |
||
| 300 | _a840 | ||
| 520 | _aΠρόλογος, Πολιτικές και Αναπτυξιακές Διαστάσεις του Τουρισμού και των Τουριστικών Προορισμών, Τουριστική Ανάπτυξη, Τουριστική Πολιτική, Σχεδιασμός Τουρισμού και Προορισμών, Οικονομική Τουρισμού και Τουριστικών Προϊόντων, Πολιτιστικός και Γαστρονομικός και Οινοτουρισμός Ευεξίας, Επαγγελματικός Τουρισμός (Business Tourism), Τουρισμός Υπαίθρου και Αθλητικός Οικοτουρισμός, Μάρκετινγκ Τουρισμού και Τουριστικών Προορισμών, Οργανωτικές και Λειτουργικές και Κοινωνικές Διαστάσεις του Τουρισμού και των Τουριστικών Επιχειρήσεων, Οικονομική Διοίκηση και Λειτουργία Ξενοδοχείων και Εκδηλώσεων (Events), Διοίκηση Ανθρωπίνων Πόρων, Κοινωνιολογικές κλαι Ανθρωπολογικές Διαστάσεις στον Τουρισμό, Θεσμικές και Καταναλωτικές Διαστάσεις του Τουρισμο΄΄υ, Τεχνολογικές Εφαρμογές στον Τουρισμό και τις Τουριστικές Επιχειρήσεις, Μάρκετινγκ Ξενοδοχείων και Προϊόντων Τουρισμού, Βιογραφικά Συγγραφέων. | ||
| 700 | 1 | _aΛύτρας Περικλής | |
| 700 | 1 | _aΤσαρτάς Πάρις | |
| 942 | _cBK | ||
| 999 |
_c9660 _d9660 |
||